Nachbarländer des Vereinigten Königreichs - Statistiken

Allgemein
  • Dieses Quiz wurde 68 mal gespielt
  • Das Durchschnittsergebnis liegt bei 3 aus 5
Antwortstatistiken
Länge Land % Korrekt
500 km Irland
100%
1,2 kmGibraltar Spanien
91%
48 kmAkrotiri Zypern
39%
zus. Dekelia Zypern
39%
108 kmDekelia Türkei
34%
Keine übereinstimmenden Quizze gefunden
Verteilung der Resultate
Anzahl Personen mit jedem Resultat
Perzentil nach korrekt beantworteten Fragen
Ihre Resultats-Entwicklung
Sie haben dieses Quiz noch nicht gespielt